[Event "Campeonato de España Individual"]
[Site "Cala Major-Palma de Mallorca"]
[Date "2009.09.30"]
[Round "5.7"]
[White "Valmana Canto, Jaime"]
[Black "Alonso Rosell, Alvar"]
[Result "0-1"]
[WhiteElo "2332"]
[BlackElo "2487"]
[PlyCount "113"]
[EventDate "2009.09.26"]

1. e4 c6 2. d4 d5 3. e5 Bf5 4. Be3 e6 5. Nd2 Nd7 6. f4 h5 7. Ngf3 Nh6 8. c3 Be7
9. Be2 Bg4 10. O-O Nf5 11. Bf2 a6 12. b4 a5 13. a3 O-O 14. Qb3 axb4 15. axb4 b5
16. Rxa8 Qxa8 17. Qb2 Nb6 18. Nb3 Qb7 19. Ra1 Ra8 20. Ra2 Ra4 21. Rxa4 Nxa4 22.
Qa1 g6 23. Bd1 Qa8 24. Nc5 Bxc5 25. dxc5 Nb6 26. Qxa8+ Nxa8 27. h3 Bxf3 28.
Bxf3 Nc7 29. g4 hxg4 30. hxg4 Ne7 31. Bh4 Kf8 32. Kf2 Ke8 33. Ke3 Na6 34. Be2
Nb8 35. Bd3 Nd7 36. Kd4 Nf8 37. Bb1 Nh7 38. Bc2 Nf8 39. Bd3 Kd7 40. Bf6 Ke8 41.
Ke3 Nd7 42. Bg7 Nb8 43. Bc2 Na6 44. Bf6 Nb8 45. Bg7 Na6 46. Bf6 Nb8 47. Bh4 Nd7
48. Bg5 Kf8 49. Bd3 Ke8 50. Kd4 Nf8 51. Bf6 Ng8 52. Bh4 Ne7 53. Bg5 Kd7 54. Ke3
Ke8 55. Bh6 Nd7 56. Bg7 Nb8 57. f5 0-1

[Event "Campeonato de España Individual"]
[Site "Cala Major-Palma de Mallorca"]
[Date "2009.09.30"]
[Round "5.9"]
[White "Almagro Llamas, Pablo"]
[Black "Camacho Collados, Marcos"]
[Result "0-1"]
[WhiteElo "2470"]
[BlackElo "2401"]
[PlyCount "134"]
[EventDate "2009.09.26"]

1. e4 e5 2. Nf3 Nf6 3. Nxe5 d6 4. Nf3 Nxe4 5. Qe2 Qe7 6. d3 Nf6 7. Bg5 Nbd7 8.
Nc3 Qxe2+ 9. Bxe2 g6 10. O-O-O Bg7 11. Rhe1 h6 12. Bf1+ Kd8 13. Bd2 Ng4 14. Re2
Nde5 15. Nxe5 Bxe5 16. f4 Bd4 17. Nb5 Bg7 18. g3 a6 19. Bc3 Bxc3 20. Nxc3 h5
21. Rde1 Nh6 22. Bg2 Rb8 23. Ne4 Bg4 24. Rd2 Re8 25. h3 Bf5 26. Rde2 Bxe4 27.
dxe4 c6 28. Bf3 Kc7 29. g4 h4 30. g5 Ng8 31. Rg1 Ne7 32. Rg4 Rh8 33. f5 Rbe8
34. Rf4 Nc8 35. Rg2 Re5 36. Be2 Ne7 37. Bd3 Rh5 38. b3 Kd8 39. Be2 Rh8 40. Bd3
Rh5 41. a4 b5 42. axb5 axb5 43. Kb2 Ke8 44. Be2 Rh8 45. Bg4 gxf5 46. exf5 Rg8
47. f6 Nd5 48. Rff2 Rgxg5 49. Rg1 Rg6 50. Rgf1 Kd8 51. c4 bxc4 52. bxc4 Ne3 53.
Ra1 Ra5 54. Rxa5 Nxc4+ 55. Kc3 Nxa5 56. Bh5 Rg8 57. Bxf7 Rf8 58. Bh5 Nb7 59.
Kd4 Nc5 60. f7 Ne6+ 61. Kc4 Ke7 62. Kb4 d5 63. Ka5 c5 64. Kb6 d4 65. Kb5 Rd8
66. Bg4 Ng5 67. Kxc5 Ne4+ 0-1

[Event "Campeonato de España Individual"]
[Site "Cala Major-Palma de Mallorca"]
[Date "2009.09.30"]
[Round "5.11"]
[White "Bellon Lopez, Juan Manuel"]
[Black "Galiana Salom, Juan Ramon"]
[Result "1-0"]
[WhiteElo "2430"]
[BlackElo "2216"]
[PlyCount "79"]
[EventDate "2009.09.26"]

1. d4 e6 2. Nf3 Nf6 3. Bg5 c5 4. e3 Qa5+ 5. Qd2 Qxd2+ 6. Nbxd2 b6 7. Bxf6 gxf6
8. g3 Bb7 9. Bg2 cxd4 10. exd4 Nc6 11. O-O Ne7 12. a4 Nf5 13. Rfe1 Be7 14. c3
Nd6 15. Nh4 Bxg2 16. Nxg2 O-O 17. Nf4 Rfc8 18. Nd3 a5 19. f4 Ra7 20. Kf2 Rac7
21. Kf3 Kg7 22. g4 h5 23. Rg1 Rh8 24. g5 fxg5 25. fxg5 Nf5 26. Ne5 d5 27. Ke2
h4 28. Rg4 Bd6 29. Ndf3 Bxe5 30. Nxe5 f6 31. gxf6+ Kxf6 32. Rg6+ Ke7 33. Kd3 h3
34. Re1 Re8 35. Ng4 Kd6 36. Nf6 Rf8 37. Nxd5 Kxd5 38. Rexe6 Nxd4 39. Rd6+ Kc5
40. b4+ 1-0

[Event "Campeonato de España Individual"]
[Site "Cala Major-Palma de Mallorca"]
[Date "2009.09.30"]
[Round "5.15"]
[White "Menvielle Laccourreye, Augusto"]
[Black "Mascaro March, Pedro"]
[Result "1-0"]
[WhiteElo "2254"]
[BlackElo "2369"]
[PlyCount "109"]
[EventDate "2009.09.26"]

1. e4 e5 2. Nf3 Nc6 3. Bb5 a6 4. Ba4 Nf6 5. d3 d6 6. O-O b5 7. Bb3 Na5 8. Ng5
Nxb3 9. axb3 h6 10. Nf3 Be7 11. Nc3 c6 12. Ne2 O-O 13. Ng3 Re8 14. Bd2 Qc7 15.
Re1 Bf8 16. Nh4 g6 17. Nf3 Bg7 18. h3 c5 19. Qe2 Be6 20. c4 b4 21. Nh2 Kh7 22.
Nhf1 a5 23. Ne3 Bd7 24. Ra2 Ra6 25. Ngf1 Rea8 26. Rea1 a4 27. Qd1 Qc6 28. Nd5
Nxd5 29. exd5 Qb7 30. bxa4 b3 31. Ra3 Rxa4 32. Rxa4 Rxa4 33. Rxa4 Bxa4 34. Bc3
h5 35. Nd2 Bd7 36. Nxb3 Bf5 37. Na5 Qb6 38. Nc6 Bd7 39. Qa4 Bf5 40. Qb5 Qc7 41.
b4 cxb4 42. Nxb4 Qe7 43. Qb6 Bh6 44. h4 Qxh4 45. Be1 e4 46. Qa7 Kg8 47. Qa8+
Bf8 48. Bd2 g5 49. Nc6 Qg4 50. Ne7+ Kg7 51. Bc3+ f6 52. Qe8 exd3 53. Bxf6+ Kxf6
54. Qxf8+ Ke5 55. Nc6+ 1-0

[Event "Campeonato de España Individual"]
[Site "Cala Major-Palma de Mallorca"]
[Date "2009.09.30"]
[Round "5.16"]
[White "Vega Gutierrez, Belinda"]
[Black "Oms Pallisse, Josep"]
[Result "1-0"]
[WhiteElo "2218"]
[BlackElo "2498"]
[PlyCount "85"]
[EventDate "2009.09.26"]

1. e4 c5 2. Nf3 e6 3. d4 cxd4 4. Nxd4 a6 5. Bd3 Bc5 6. Nb3 Be7 7. Nc3 d6 8. Be3
Nf6 9. f4 Qc7 10. Qf3 Nc6 11. g4 b5 12. g5 Nd7 13. O-O-O Bb7 14. Qh3 Nb4 15.
Kb1 g6 16. Rhe1 O-O 17. f5 exf5 18. exf5 Nxd3 19. cxd3 Rfe8 20. Rc1 Nc5 21.
fxg6 fxg6 22. Nxc5 dxc5 23. Qe6+ Kh8 24. Nxb5 Qxh2 25. Nc7 Rab8 26. Re2 Bc8 27.
Rxh2 Bxe6 28. Nxe8 Rxe8 29. Bxc5 Bxg5 30. Rg1 Bf6 31. Rxg6 Bg7 32. Rg5 Bf7 33.
Rg1 Rd8 34. d4 Be6 35. Rf2 h5 36. Rg5 Bg4 37. Rf7 Bxd4 38. Bxd4+ Rxd4 39. Re5
Rd8 40. b4 Kg8 41. Ra7 Bc8 42. Rg5+ Kf8 43. Rxh5 1-0

[Event "Campeonato de España Individual"]
[Site "Cala Major-Palma de Mallorca"]
[Date "2009.09.30"]
[Round "5.19"]
[White "Estremera Panos, Sergio"]
[Black "Gutierrez Castillo, Oscar"]
[Result "1/2-1/2"]
[WhiteElo "2402"]
[BlackElo "2130"]
[PlyCount "86"]
[EventDate "2009.09.26"]

1. d4 Nf6 2. c4 g6 3. Nc3 d5 4. Nf3 Bg7 5. e3 O-O 6. cxd5 Nxd5 7. Bc4 Nb6 8.
Bb3 N8d7 9. e4 e5 10. Be3 Qe7 11. d5 Nc5 12. Rc1 Bg4 13. O-O Nxb3 14. Qxb3 Bxf3
15. gxf3 Qf6 16. Kg2 c6 17. dxc6 bxc6 18. Na4 Rab8 19. Nxb6 axb6 20. Rfd1 c5
21. Rd7 Qh4 22. Rcd1 Bh6 23. R1d5 Bxe3 24. Qxe3 Rbd8 25. Rxd8 Rxd8 26. Rxe5 Qf6
27. Rd5 Rxd5 28. exd5 Qd6 29. Qe4 Qf6 30. f4 Qf5 31. Qe8+ Kg7 32. Qe5+ f6 33.
Qe7+ Kg8 34. Qe8+ Kg7 35. Qe7+ Kg8 36. Qd8+ Kg7 37. Kg3 Qd3+ 38. f3 Qd4 39.
Qe7+ Kg8 40. d6 Qg1+ 41. Kh3 Qf1+ 42. Kg3 Qg1+ 43. Kh3 Qf1+ 1/2-1/2

[Event "Campeonato de España Individual"]
[Site "Cala Major-Palma de Mallorca"]
[Date "2009.09.30"]
[Round "5.20"]
[White "Guadamuro Torrente, Anabel"]
[Black "Camacho Collados, Jose"]
[Result "0-1"]
[WhiteElo "2142"]
[BlackElo "2401"]
[PlyCount "100"]
[EventDate "2009.09.26"]

1. e4 c5 2. Nf3 Nc6 3. d4 cxd4 4. Nxd4 Nf6 5. Nc3 e6 6. Ndb5 Bc5 7. Bf4 O-O 8.
Bc7 Qe7 9. Bd6 Bxd6 10. Qxd6 Ne8 11. Qxe7 Nxe7 12. O-O-O f5 13. f3 fxe4 14.
fxe4 a6 15. Nd6 Nxd6 16. Rxd6 b5 17. Be2 Nc6 18. Rhd1 Ne5 19. R6d4 Rf2 20. Bf1
Bb7 21. a4 Raf8 22. Be2 Rxg2 23. axb5 axb5 24. Bxb5 Rff2 25. R4d2 Bc6 26. Rxf2
Rxf2 27. Bxc6 dxc6 28. Rd2 Rf1+ 29. Rd1 Rf4 30. b3 g5 31. Na4 Kf7 32. Nc5 Rh4
33. Rd6 Rh6 34. Nd7 Nxd7 35. Rxd7+ Kf6 36. Rd2 Ke5 37. Re2 Rh4 38. Kd2 Rxe4 39.
Rf2 h5 40. Kd3 Rh4 41. Re2+ Kf5 42. c4 c5 43. Rf2+ Rf4 44. Re2 h4 45. Kc3 g4
46. Rg2 Rf3+ 47. Kb2 g3 48. hxg3 hxg3 49. Ka3 Kg4 50. Re2 Rf6 0-1

[Event "Campeonato de España Individual"]
[Site "Cala Major-Palma de Mallorca"]
[Date "2009.09.30"]
[Round "5.22"]
[White "Alvarez Fernandez, Enrique"]
[Black "Gutierrez Castillo, Paloma"]
[Result "1/2-1/2"]
[WhiteElo "2340"]
[BlackElo "2151"]
[PlyCount "94"]
[EventDate "2009.09.26"]

1. d4 Nf6 2. Nf3 g6 3. c4 Bg7 4. Nc3 d6 5. e4 Bg4 6. Be2 O-O 7. O-O Nfd7 8. h3
Bxf3 9. Bxf3 c5 10. d5 Na6 11. Bg4 Nc7 12. Qa4 Nb6 13. Qb3 e6 14. a4 exd5 15.
cxd5 Rb8 16. Bf4 Qf6 17. Bg3 h5 18. a5 Nc8 19. Bd7 Rd8 20. Bb5 a6 21. Be2 b5
22. axb6 Rxb6 23. Qc2 Na7 24. e5 dxe5 25. Rfd1 Rb4 26. Na2 Rd4 27. Rxd4 exd4
28. Bxc7 Rxd5 29. Bf3 d3 30. Qb3 Qxb2 31. Qxb2 Bxb2 32. Rb1 Rd7 33. Rxb2 Rxc7
34. Kf1 Nb5 35. Ke1 c4 36. Kd1 Kg7 37. Rb4 c3 38. Be4 c2+ 39. Kd2 c1=Q+ 40.
Nxc1 Rc2+ 41. Kxd3 Rxc1 42. Ra4 Rc3+ 43. Kd2 Ra3 44. Rxa3 Nxa3 45. Bb7 Nc4+ 46.
Kd3 Ne5+ 47. Kd4 Kf6 1/2-1/2

[Event "Campeonato de España Individual"]
[Site "Cala Major-Palma de Mallorca"]
[Date "2009.09.30"]
[Round "5.23"]
[White "Lechado Artigues, Pedro"]
[Black "Narciso Dublan, Març"]
[Result "0-1"]
[WhiteElo "2110"]
[BlackElo "2533"]
[PlyCount "86"]
[EventDate "2009.09.26"]

1. e4 Nf6 2. e5 Nd5 3. Nc3 Nxc3 4. bxc3 d5 5. d4 c5 6. f4 Nc6 7. Nf3 Bg4 8. Rb1
Qc7 9. Be2 e6 10. Be3 Be7 11. O-O O-O 12. Bd3 c4 13. Be2 Rab8 14. h3 Bf5 15. g4
Bg6 16. Ne1 f5 17. exf6 Rxf6 18. Bf3 Qa5 19. Bd2 Bd6 20. Ng2 Rff8 21. Re1 Bf7
22. g5 b5 23. Bg4 Rfe8 24. Re3 Re7 25. Qe1 Rbe8 26. Re2 Qa4 27. g6 Bxg6 28.
Bxe6+ Kh8 29. Nh4 Bh5 30. f5 Nd8 31. Bg5 Nxe6 32. Bxe7 Nf4 33. Re3 Qxc2 34. Rc1
Qb2 35. Bxd6 Rxe3 36. Qxe3 Ne2+ 37. Kh1 Qxc1+ 38. Qxc1 Nxc1 39. a3 a5 40. f6
gxf6 41. Nf5 Ne2 42. Bc7 Nxc3 43. Bxa5 Nb1 0-1

[Event "Campeonato de España Individual"]
[Site "Cala Major-Palma de Mallorca"]
[Date "2009.09.30"]
[Round "5.24"]
[White "Ruiz Viñals, Matias"]
[Black "Barcelo Pujadas, Pedro Jose"]
[Result "1/2-1/2"]
[WhiteElo "2101"]
[BlackElo "2249"]
[PlyCount "105"]
[EventDate "2009.09.26"]

1. e4 Nf6 2. Nc3 e5 3. Nf3 Bb4 4. a3 Bxc3 5. dxc3 d6 6. Bd3 Bg4 7. h3 Bh5 8.
Qe2 Nbd7 9. g4 Bg6 10. Nh4 Nc5 11. Nxg6 hxg6 12. Be3 Ne6 13. O-O-O g5 14. f3
Nf4 15. Bxf4 gxf4 16. Bb5+ Nd7 17. c4 c6 18. Ba4 Nc5 19. Bb3 Qe7 20. Ba2 O-O-O
21. b4 Ne6 22. Qf2 Kb8 23. h4 Rh7 24. Rh2 Rdh8 25. h5 c5 26. c3 g6 27. Rdh1
gxh5 28. Rxh5 Rxh5 29. Rxh5 Rxh5 30. gxh5 Qg5 31. Qh2 Nf8 32. Kd2 Nh7 33. Bb3
Qh6 34. Qh4 Nf6 35. Ba4 Kc8 36. Qh3+ Kd8 37. Qf5 b6 38. Bc6 Ke7 39. Qc8 Nxh5
40. Qe8+ Kf6 41. Bd5 Qg6 42. Qf8 Qg2+ 43. Kc1 Qf1+ 44. Kc2 Qe2+ 45. Kb3 Qd1+
46. Kb2 Qd2+ 47. Kb3 Kg5 48. Qg8+ Kh6 49. Qh8+ Kg5 50. bxc5 Qd1+ 51. Kb2 Qd2+
52. Kb3 Qd1+ 53. Kb2 1/2-1/2

[Event "Campeonato de España Individual"]
[Site "Cala Major-Palma de Mallorca"]
[Date "2009.09.30"]
[Round "5.26"]
[White "Gaya Llodra, Juan"]
[Black "Juan Mas, Santiago"]
[Result "1-0"]
[WhiteElo "2218"]
[BlackElo "2098"]
[PlyCount "89"]
[EventDate "2009.09.26"]

1. d4 Nf6 2. Nf3 d6 3. g3 g6 4. Bg2 Bg7 5. O-O O-O 6. c4 c5 7. dxc5 dxc5 8.
Qxd8 Rxd8 9. Ne5 Nfd7 10. Nd3 Nc6 11. Nc3 Bxc3 12. bxc3 Na5 13. Rd1 Nxc4 14.
Nxc5 Nd6 15. Bg5 Nxc5 16. Bxe7 Be6 17. Bxd6 Rac8 18. Rd4 Na4 19. Be5 Rxd4 20.
cxd4 Nc3 21. Bxb7 Nxe2+ 22. Kf1 Rc2 23. Be4 Bh3+ 24. Ke1 Rb2 25. d5 Rb4 26. f3
Nd4 27. Rd1 f5 28. Rxd4 Rxd4 29. Bxd4 fxe4 30. fxe4 Bg2 31. Bxa7 Bxe4 32. d6
Bc6 33. Kd2 Kf7 34. Kc3 Ke6 35. Bc5 Kd5 36. Kb4 Bd7 37. a4 Kc6 38. Kc4 h5 39.
h4 Bg4 40. Kd4 Bf5 41. Bb4 Bc8 42. Ke5 Bf5 43. a5 Kb5 44. Kf6 Kxb4 45. a6 1-0

[Event "Campeonato de España Individual"]
[Site "Cala Major-Palma de Mallorca"]
[Date "2009.09.30"]
[Round "5.27"]
[White "Serrano Bozada, Esteban"]
[Black "Machin Arbelo, Pedro Alexis"]
[Result "1-0"]
[WhiteElo "2217"]
[BlackElo "2052"]
[PlyCount "101"]
[EventDate "2009.09.26"]

1. e4 e6 2. d4 d5 3. Nd2 Nf6 4. e5 Nfd7 5. Bd3 c5 6. c3 Nc6 7. Ne2 Qb6 8. O-O
cxd4 9. cxd4 Nxd4 10. Nxd4 Qxd4 11. Nf3 Qb6 12. Qa4 Qb4 13. Qd1 Be7 14. a3 Qb6
15. Qa4 O-O 16. Bg5 f6 17. Qh4 g6 18. exf6 (18. Bf5) 18... Bxf6 19. Rae1 e5 20.
Bxf6 Qxf6 21. Qxf6 Rxf6 22. Nxe5 Nc5 23. Bb1 b6 24. Ba2 Bb7 25. b4 Na4 26. Rc1
Re8 27. Rc7 Rxe5 28. Rxb7 Nc3 29. Bb3 Ne2+ 30. Kh1 Rf7 31. Rxf7 Kxf7 32. f4 Rh5
33. Rf2 Ng3+ 34. Kg1 Ne4 35. Rc2 a5 36. g4 a4 37. Ba2 Rh4 38. Bxd5+ Ke7 39.
Bxe4 Rxg4+ 40. Kf2 Rxf4+ 41. Ke3 Rh4 42. Kd4 Rh3 43. Ke5 Rxa3 44. Rc7+ Kd8 45.
Rxh7 Re3 46. Ra7 a3 47. Kd6 Ke8 48. Bxg6+ Kf8 49. Bf5 Rb3 50. Ke6 Rxb4 51. Kf6
1-0

[Event "Campeonato de España Individual"]
[Site "Cala Major-Palma de Mallorca"]
[Date "2009.09.30"]
[Round "5.28"]
[White "Revilla Rio, Francisco"]
[Black "Segura Ariza, Jose Luis"]
[Result "1-0"]
[WhiteElo "2094"]
[BlackElo "2210"]
[PlyCount "131"]
[EventDate "2009.09.26"]

1. d4 d5 2. Nf3 c6 3. e3 Bg4 4. c4 e6 5. Nbd2 Nd7 6. Bd3 f5 7. Qc2 Nh6 8. h3
Bxf3 9. Nxf3 Qf6 10. Bd2 Bd6 11. Qb3 Rb8 12. Bb4 Qe7 13. Bc3 O-O 14. g3 Kh8 15.
Ne5 Bxe5 16. dxe5 Nf7 17. f4 Nc5 18. Qc2 dxc4 19. Bxc4 b5 20. Be2 b4 21. Bd2
Rfd8 22. Bf3 Nd3+ 23. Ke2 c5 24. b3 Qd7 25. Rhd1 Qb5 26. Qc4 Qxc4 27. bxc4 Nb2
28. Rdc1 a5 29. Rc2 Na4 30. e4 fxe4 31. Bxe4 Rd4 32. Bc6 Nb6 33. Rac1 Nd8 34.
Bb5 Nb7 35. Be3 Rdd8 36. Rd1 Rxd1 37. Kxd1 a4 38. Rb2 Kg8 39. Ba6 a3 40. Rd2
Na4 41. Bxb7 Rxb7 42. Kc2 Nc3 43. Kb3 Ne4 44. Rd3 Kf7 45. g4 g6 46. Rd8 Rc7 47.
h4 h5 48. g5 Ke7 49. Rg8 Kf7 50. Rd8 Ng3 51. Bf2 Ne2 52. Be3 Nc3 53. Bxc5 Nxa2
54. Bxb4 Nxb4 55. Kxb4 a2 56. Ra8 Rb7+ 57. Kc3 Rb1 58. Rxa2 Rf1 59. Rd2 Rxf4
60. c5 Ke7 61. c6 Rf1 62. Kc4 Rc1+ 63. Kb5 Rb1+ 64. Ka6 Ra1+ 65. Kb7 Rb1+ 66.
Kc7 1-0

[Event "Campeonato de España Individual"]
[Site "Cala Major-Palma de Mallorca"]
[Date "2009.09.30"]
[Round "5.30"]
[White "Garcia Rodriguez, Victor"]
[Black "Cuenca Jimenez, Francisco Javier"]
[Result "1-0"]
[WhiteElo "2086"]
[BlackElo "2189"]
[PlyCount "129"]
[EventDate "2009.09.26"]

1. e4 d5 2. exd5 Nf6 3. d4 Bg4 4. Be2 Bxe2 5. Qxe2 Qxd5 6. Nf3 e6 7. O-O Nc6 8.
c4 Nxd4 9. Nxd4 Qxd4 10. Rd1 Qg4 11. f3 Bc5+ 12. Kh1 Qh5 13. g3 Qh3 14. g4 Bd6
15. Rg1 O-O-O 16. Nc3 h5 17. g5 Nd7 18. Ne4 Qf5 19. Be3 Bc5 20. g6 Bxe3 21.
Qxe3 f6 22. Ng3 Qh3 23. Rae1 h4 24. Ne2 Ne5 25. Ref1 Rd3 26. Qxa7 Nxf3 27. Rg2
Rd2 28. Qe3 Rxe2 29. Qxe2 Ne5 30. Re1 Qf5 31. Qe4 h3 32. Rg3 Qf2 33. Re2 Qc5
34. b3 Rh5 35. Qe3 Qc6+ 36. Kg1 Rh4 37. Rxh3 Rg4+ 38. Rg3 Nf3+ 39. Kf2 Nxh2 40.
Qxe6+ Qxe6 41. Rxe6 Kd7 42. Re1 Rf4+ 43. Kg2 Ng4 44. Rd3+ Kc6 45. Kg3 Ne5 46.
Rxe5 fxe5 47. Rf3 Rxf3+ 48. Kxf3 Kd6 49. Ke4 Ke6 50. a4 c5 51. a5 Kf6 52. b4
cxb4 53. c5 b3 54. Kd3 Ke6 55. c6 Kd6 56. cxb7 Kc7 57. Kc3 b2 58. Kxb2 Kxb7 59.
Kc3 Ka6 60. Kc4 Kxa5 61. Kd5 e4 62. Kxe4 Kb6 63. Kd5 Kc7 64. Ke6 Kd8 65. Kf7
1-0

[Event "Campeonato de España Individual"]
[Site "Cala Major-Palma de Mallorca"]
[Date "2009.09.30"]
[Round "5.31"]
[White "Bordes Ibanez, Juan"]
[Black "Jimenez De La Torre, Jose A"]
[Result "1/2-1/2"]
[WhiteElo "2046"]
[BlackElo "2175"]
[PlyCount "33"]
[EventDate "2009.09.26"]

1. d4 Nf6 2. c4 g6 3. Nc3 d5 4. Bf4 Bg7 5. e3 O-O 6. Nf3 c5 7. dxc5 Qa5 8. Rc1
Ne4 9. cxd5 Nxc3 10. Qd2 Qxc5 11. bxc3 Rd8 12. c4 Nc6 13. Be2 e5 14. Bg5 f6 15.
Bh4 Bf5 16. O-O Rac8 17. Rfd1 1/2-1/2

[Event "Campeonato de España Individual"]
[Site "Cala Major-Palma de Mallorca"]
[Date "2009.09.30"]
[Round "5.32"]
[White "Andreu Lopez, Santiago"]
[Black "Solino Nebot, Leonardo"]
[Result "0-1"]
[WhiteElo "1977"]
[BlackElo "2174"]
[PlyCount "44"]
[EventDate "2009.09.26"]

1. e4 c5 2. Nf3 g6 3. d4 cxd4 4. Nxd4 Nc6 5. Nxc6 bxc6 6. Qd4 Nf6 7. e5 Nd5 8.
e6 f6 9. exd7+ Bxd7 10. Bc4 e5 11. Qd1 Be6 12. O-O Bg7 13. Qf3 Qc8 14. Nc3 Nb4
15. Bxe6 Qxe6 16. Nb5 Rc8 17. Qc3 Nd5 18. Qb3 cxb5 19. Rd1 Nc7 20. Qa3 Qa6 21.
Qb4 Bf8 22. Qd2 Qe6 0-1

[Event "Campeonato de España Individual"]
[Site "Cala Major-Palma de Mallorca"]
[Date "2009.09.30"]
[Round "5.34"]
[White "Serra Olives, Tomas"]
[Black "Castell Cantero, Salvador"]
[Result "1-0"]
[WhiteElo "2145"]
[BlackElo "1977"]
[PlyCount "53"]
[EventDate "2009.09.26"]

1. e4 d6 2. d4 g6 3. Nc3 Nf6 4. Be3 Bg7 5. f3 c6 6. Qd2 O-O 7. O-O-O Re8 8. g4
Qa5 9. h4 e5 10. dxe5 dxe5 11. h5 Be6 12. Kb1 Na6 13. hxg6 fxg6 14. Bg5 Rad8
15. Bd3 b5 16. Qh2 Re7 17. Nge2 Nc5 18. Nc1 Nxd3 19. Nxd3 b4 20. Nxb4 Rxd1+ 21.
Rxd1 Rb7 22. a3 c5 23. Qxe5 Rb6 24. Rd8+ Kf7 25. Qc7+ Nd7 26. Rxd7+ Bxd7 27.
Qxd7+ 1-0

[Event "Campeonato de España Individual"]
[Site "Cala Major-Palma de Mallorca"]
[Date "2009.09.30"]
[Round "5.35"]
[White "Miguelez Garcia, Erlantz"]
[Black "Munar Rossello, Pedro"]
[Result "1-0"]
[WhiteElo "1948"]
[BlackElo "2144"]
[PlyCount "63"]
[EventDate "2009.09.26"]

1. d4 d5 2. c4 e5 3. dxe5 d4 4. e4 Nc6 5. f4 f6 6. Nf3 fxe5 7. f5 Nf6 8. Bd3
Bb4+ 9. Nbd2 Ng4 10. a3 Be7 11. b4 Ne3 12. Qe2 Bxb4 13. axb4 Nxb4 14. Kf2 g6
15. Re1 O-O 16. Nf1 gxf5 17. Nxe3 fxe4 18. Bxe4 Qh4+ 19. Kg1 Qxe4 20. Nd5 Qxe2
21. Rxe2 Nxd5 22. cxd5 Bg4 23. Rxe5 Bxf3 24. Rg5+ Kh8 25. Bb2 Rf4 26. gxf3 c5
27. dxc6 bxc6 28. Ra4 c5 29. Rxc5 Rxf3 30. Rg5 h5 31. Bxd4+ Kh7 32. Rg7+ 1-0

[Event "Campeonato de España Individual"]
[Site "Cala Major-Palma de Mallorca"]
[Date "2009.09.30"]
[Round "5.36"]
[White "Navarrete Espi, Samuel"]
[Black "Planas Gene, Juan"]
[Result "0-1"]
[WhiteElo "1929"]
[BlackElo "2130"]
[PlyCount "78"]
[EventDate "2009.09.26"]

1. e4 e5 2. Nf3 Nf6 3. d4 Nxe4 4. Bd3 d5 5. dxe5 Nc6 6. O-O Bg4 7. Nc3 Nxc3 8.
bxc3 Be7 9. Re1 Qd7 10. Rb1 Nd8 11. h3 Bh5 12. g4 Bg6 13. Nd4 Bxd3 14. Qxd3 g6
15. Bh6 c6 16. f4 Ne6 17. f5 Nxd4 18. Qxd4 c5 19. e6 cxd4 20. exd7+ Kd8 21.
Rxb7 gxf5 22. Reb1 dxc3 23. gxf5 Rg8+ 24. Kh1 Bd6 25. h4 Bc7 26. Rd1 Rg4 27.
Bg5+ Kxd7 28. Rxd5+ Kc6 29. Rxc7+ Kxd5 30. Rxc3 h6 31. Be7 Re8 32. Rc7 Re4 33.
Bf6 Rc4 34. Rd7+ Ke4 35. c3 Kxf5 36. Bd4 Kg4 37. Rxa7 Kg3 38. Rxf7 Re1+ 39. Bg1
Rxh4# 0-1

[Event "Campeonato de España Individual"]
[Site "Cala Major-Palma de Mallorca"]
[Date "2009.09.30"]
[Round "5.37"]
[White "Suau Mercer, Pedro"]
[Black "Ferreiro Pailos, Alejandro"]
[Result "0-1"]
[WhiteElo "1924"]
[BlackElo "2125"]
[PlyCount "108"]
[EventDate "2009.09.26"]

1. Nf3 c5 2. c4 g6 3. Nc3 Bg7 4. g3 Nc6 5. Bg2 d6 6. O-O e5 7. a3 Nge7 8. d3
O-O 9. Rb1 f5 10. Bg5 h6 11. Bxe7 Nxe7 12. Qc2 g5 13. e3 f4 14. exf4 gxf4 15.
b4 cxb4 16. axb4 Bg4 17. h3 Be6 18. Ne4 Qd7 19. Kh2 Rac8 20. Qe2 b6 21. Nc3 a6
22. Ra1 b5 23. Nd2 Nc6 24. Nd5 f3 25. Nxf3 e4 26. Qxe4 Bf5 27. Qh4 Bxd3 28.
cxb5 Bxb5 29. Nb6 Qc7 30. Nxc8 Bxf1 31. Rxf1 Rxc8 32. Qc4+ Kh8 33. Rc1 Qb6 34.
Rc2 Ne7 35. Qd3 Rxc2 36. Qxc2 Qxb4 37. Nh4 Qc5 38. Qe2 Bf6 39. Qf3 Bxh4 40.
Qf8+ Ng8 41. gxh4 Qe5+ 42. f4 Qe7 43. Qc8 Qxh4 44. Qf5 Qf6 45. Qg4 Ne7 46. Be4
d5 47. Bf3 a5 48. Kg3 Nf5+ 49. Kf2 Qd4+ 50. Ke1 Qc3+ 51. Kf2 Qd2+ 52. Be2 Qe3+
53. Kg2 Qe4+ 54. Bf3 Ne3+ 0-1

[Event "Campeonato de España Individual"]
[Site "Cala Major-Palma de Mallorca"]
[Date "2009.09.30"]
[Round "5.38"]
[White "Diaz Rodriguez, Jose Antonio"]
[Black "Damians Janes, Jordi"]
[Result "1-0"]
[WhiteElo "2121"]
[BlackElo "1974"]
[PlyCount "57"]
[EventDate "2009.09.26"]

1. e4 d5 2. exd5 Qxd5 3. Nc3 Qa5 4. g3 c6 5. Bg2 Nf6 6. d4 Bg4 7. Qd3 e6 8. h3
Bf5 9. Qe2 Nbd7 10. Nf3 Bd6 11. O-O O-O 12. Bg5 Rfe8 13. Bxf6 Nxf6 14. Ne5 Qb6
15. Nc4 Qc7 16. Rad1 Rad8 17. Ne3 Bg6 18. a3 e5 19. d5 cxd5 20. Ncxd5 Nxd5 21.
Rxd5 Bc5 22. c3 Be7 23. Rfd1 f6 24. Qg4 Bf8 25. Rd7 Qb6 26. Nc4 Rxd7 27. Nxb6
Bf5 28. Qc4+ Be6 29. Qxe6+ 1-0

[Event "Campeonato de España Individual"]
[Site "Cala Major-Palma de Mallorca"]
[Date "2009.09.30"]
[Round "5.40"]
[White "Zhou, Tai Long"]
[Black "Gelabert Mari, Llorenç"]
[Result "0-1"]
[WhiteElo "1818"]
[BlackElo "2083"]
[PlyCount "88"]
[EventDate "2009.09.26"]

1. e4 e6 2. d4 b6 3. Nc3 Bb7 4. Bd3 Nf6 5. Nge2 c5 6. O-O d6 7. dxc5 dxc5 8.
Ng3 Be7 9. Re1 Nc6 10. Bf4 e5 11. Be3 O-O 12. Nce2 Nb4 13. a3 Nxd3 14. cxd3 g6
15. Qc2 Qd7 16. Rad1 Rfd8 17. h3 Qc6 18. Bd2 Ne8 19. Bc3 Bf6 20. Nf1 Nc7 21.
Ne3 Rd7 22. Ng4 Rad8 23. f4 c4 24. Bxe5 Be7 25. d4 Qxe4 26. Qxe4 Bxe4 27. Ng3
Bb7 28. f5 Nd5 29. Nh6+ Kf8 30. fxg6 hxg6 31. Rf1 Bg5 32. Ng4 Ne3 33. Rde1 Nxf1
34. Rxf1 Rxd4 35. Bxd4 Rxd4 36. Ne5 Be3+ 37. Kh1 Bf4 38. Nxg6+ fxg6 39. Ne2 Rd2
40. Nxf4 Kg7 41. Re1 Kf6 42. Rf1 Kg5 43. Kh2 Rxb2 44. Ne6+ Kh6 0-1

[Event "Campeonato de España Individual"]
[Site "Cala Major-Palma de Mallorca"]
[Date "2009.09.30"]
[Round "5.41"]
[White "Navarrete Terrasa, Sebastian"]
[Black "Alemany Jara, Alejandro"]
[Result "0-1"]
[WhiteElo "2019"]
[BlackElo "1766"]
[PlyCount "102"]
[EventDate "2009.09.26"]

1. d4 Nf6 2. Nf3 g6 3. Bg5 Bg7 4. e3 O-O 5. Bd3 d5 6. Nbd2 c6 7. c3 Nbd7 8. Qc2
e6 9. h4 h6 10. Bxf6 Nxf6 11. Ne5 Nd7 12. Ndf3 Qc7 13. Nxd7 Qxd7 14. Ne5 Qc7
15. f4 c5 16. O-O-O c4 17. Be2 Bxe5 18. dxe5 f5 19. g4 Qc5 20. Qd2 Kh7 21. h5
g5 22. gxf5 exf5 23. Qd4 Qxd4 24. Rxd4 Be6 25. Bf3 Rad8 26. Rhd1 Bf7 27. R1d2
Kg7 28. Bxd5 Bxh5 29. Bxb7 Rxd4 30. Rxd4 Be2 31. Rd7+ Kh8 32. e6 Re8 33. e7 Kg7
34. Kd2 Bh5 35. Bd5 Bf7 36. Bxf7 Kxf7 37. Rxa7 Rxe7 38. Rxe7+ Kxe7 39. fxg5
hxg5 40. Ke2 Ke6 41. a4 Kd5 42. Kf3 Kc5 43. e4 fxe4+ 44. Kxe4 Kb6 45. Kf5 Ka5
46. Kxg5 Kxa4 47. Kf4 Kb3 48. Ke3 Kxb2 49. Kd2 Kb3 50. Kd1 Kxc3 51. Kc1 Kd3 0-1

[Event "Campeonato de España Individual"]
[Site "Cala Major-Palma de Mallorca"]
[Date "2009.09.30"]
[Round "5.44"]
[White "Valls Casas, Jordi"]
[Black "Shen, Yue"]
[Result "1-0"]
[WhiteElo "2094"]
[BlackElo "1791"]
[PlyCount "43"]
[EventDate "2009.09.26"]

1. d4 Nf6 2. c4 g6 3. Nc3 Bg7 4. e4 d6 5. Nf3 O-O 6. h3 Nc6 7. Be3 e5 8. d5 Ne7
9. c5 dxc5 10. Bxc5 Nd7 11. Ba3 f5 12. d6 cxd6 13. Bxd6 Nf6 14. Ng5 Bh6 15.
Qb3+ Kh8 16. Nf7+ Rxf7 17. Qxf7 Qxd6 18. Rd1 Qc7 19. Qxf6+ Bg7 20. Qf7 a6 21.
Qe8+ Ng8 22. Rd8 1-0